Pravdivá história

Bibliographic Details
Format: Journal
Language:Slovak
PhysicalDescription:zv. 29 cm
Published: Bratislava Sportmedia, s.r.o. 2017-
ISSN:2585-769X
Subjects:

MARC

LEADER 00000cas a2200000 a 4500
001 vtls011780950
003 SK-MaSNL
005 20260228164408.0
008 180925c20179999xo br|p 001 b0slo
022 |a 2585-769X 
040 |a SVKPO  |b slo  |c SVKPO  |d SNK  |e AACR2 
041 0 |a slo 
044 |a xo  |c SK 
072 7 |a 93/94  |x Dejiny (všeobecne)  |2 konspekt 
080 |a 93/94  |2 2011 
080 |a 050  |2 2011 
080 |a (051.062)  |2 2011 
080 |a 316.3  |2 2011 
210 0 |a Pravdivá hist. 
222 0 |a Pravdivá história 
245 0 0 |a Pravdivá história 
260 |a Bratislava  |b Sportmedia, s.r.o.  |c 2017- 
300 |a zv.  |c 29 cm 
310 |a 6x ročne  |b 2019- 
321 |a 8x ročne  |b 2017-febr./marec 2019 
362 0 |a Roč. 1, č. 1 (okt./nov. 2017)- 
500 |a Registračné č.: EV 5567/17 
515 |a Časopis má uvedené aj priebežné číslovanie; V č. 6 sú spojené mesiace december a január nasledujúceho roku 
515 |a Čísla vychádzajú ako dvojčíslo 
650 0 7 |a dejiny  |2 SNKPH  |9 3825 
650 0 7 |a spoločnosť  |2 SNKPH  |9 1013 
655 7 |a populárno-náučné časopisy  |2 SNKPH  |9 70770 
910 |a snk 
910 |a svkpo 
999 |c 13439  |d 15369 
952 |0 0  |1 0  |4 0  |7 3  |8 0  |a SNK  |b SNK  |d 2026-02-05  |i snk2026/1962  |l 0  |o snkČSB 7556/7/2023  |p 17A1558967  |r 2026-02-21 20:03:02  |t č. 1-6  |w 2026-02-21  |y PREZ 
952 |0 0  |1 0  |4 0  |7 3  |8 0  |a SNK  |b SNK  |d 2026-02-05  |i snk2026/1964  |l 0  |o snkČSB 7556/8/2024  |p 17A1558968  |r 2026-02-21 20:03:02  |t č. 1-6  |w 2026-02-21  |y PREZ 
952 |0 0  |1 0  |4 0  |7 3  |8 0  |a SNK  |b SNK  |d 2026-02-05  |i snk2026/1965  |l 0  |o snkČSB 7556/9/2025  |p 17A1558969  |r 2026-02-21 20:03:02  |t č. 1-6  |w 2026-02-21  |y PREZ 
952 |0 0  |1 0  |4 0  |7 0  |8 0  |a SNK  |b SNK  |d 2023-05-29  |i snk2023/8554  |l 0  |o snkČSB 7556/5/2021  |p 17A1520401  |r 2026-02-21 21:22:00  |t č. 1-6, neúplné  |w 2026-02-21  |y PREZ  |z Chýba č. 4 
952 |0 0  |1 0  |4 0  |7 0  |8 0  |a SNK  |b SNK  |d 2023-05-29  |i snk2023/8562  |l 0  |o snkČSB 7556/6/2022  |p 17A1520402  |r 2026-02-21 21:22:01  |t č. 1-6  |w 2026-02-21  |y PREZ 
952 |0 0  |1 0  |4 0  |7 0  |8 0  |a SNK  |b SNK  |d 2023-05-29  |i snk2023/8537  |l 0  |o snkČSB 7556/4/2020 D1  |p 17A1520400  |r 2026-02-21 21:22:04  |t č. 1-6  |w 2026-02-21  |y PREZ 
952 |0 0  |1 0  |4 0  |7 0  |8 0  |a SNK  |b SNK  |d 2021-09-03  |i snk2021/11500  |l 0  |o snkČSB 7556/2/2018 D1  |p 17A1460403  |r 2026-02-21 21:39:28  |t č. 1-7, neúplné  |w 2026-02-21  |y PREZ  |z Chýba č. 2,6 
952 |0 0  |1 0  |4 0  |7 0  |8 0  |a SNK  |b SNK  |d 2021-09-03  |i snk2021/11501  |l 0  |o snkČSB 7556/3/2019 D1  |p 17A1460404  |r 2026-02-21 21:39:29  |t č. 1-6  |w 2026-02-21  |y PREZ 
952 |0 0  |1 0  |4 0  |7 0  |8 0  |a SNK  |b SNK  |d 2021-09-03  |i snk2021/11502  |l 0  |o snkČSB 7556/4/2020  |p 17A1460405  |r 2026-02-21 21:39:29  |t č. 1-6  |w 2026-02-21  |y PREZ 
952 |0 0  |1 0  |4 0  |7 0  |8 0  |a SNK  |b SNK  |d 2020-09-04  |i snk2020/15547  |l 0  |o snkČSB 7556/2/2018  |p 17A1431494  |r 2026-02-21 22:15:50  |t č. 1-7, neúplné  |w 2026-02-21  |y PREZ  |z Chýba č. 2,6 
952 |0 0  |1 0  |4 0  |7 0  |8 0  |a SNK  |b SNK  |d 2020-09-04  |i snk2020/15549  |l 0  |o snkČSB 7556/3/2019  |p 17A1431495  |r 2026-02-21 22:15:50  |t č. 1-6  |w 2026-02-21  |y PREZ